000 004970000a22001690004500
003 LK-CoMWRAF
005 20230923220058.0
008 230817t ||||| |||| 00| 0 eng d
040 _aLK-CoMWRAF
_dLK-CoMWRAF
_eLK-CoMWRAF
041 _aeng
082 _a296.32
_bKIT
245 _aKitaabut Tahaarah :
_b(The book of purification and purity) (Hanafi)
260 _aSouth Africa :
_bYoung men's Muslim association,
_c1981
300 _a98p
650 _aPurification and Purity-Hanafi
942 _cBK
999 _c1562
_d1562